000 00952cab a2200277 4500
001 ABS50545
008 090401t1994 xxu||||| |||| 00| 0 eng d
035 _a(Sirsi) u76408
041 _aeng
100 _aHill, P.
245 _aFarm woodlands revisited
260 _c1994
350 _a0
490 _aFarm Management
_v8(9) Spring 1994, 423-431(5)
520 _aReviews the changes to the tax system and to grant aid which have taken place in the last five years and outlines current provisions. The value of incentives for a typical farm project are estimated and factors which may determine whether converting land from agriculture is worthwhile are considered.
650 _aCOSTS
650 _aFARM WOODLAND PREMIUM SCHEME
650 _aFARM WOODLANDS
650 _aFORESTRY
650 _aGRANTS
650 _aTAX REGIME
650 _aWOODLAND GRANT SCHEME
690 _aRURAL PRACTICE
942 _n0
948 _c04/03/1997
999 _c48065
_d48065